00398 2200169 4500001002100000005001500021035002000036245003400056100001100090250002000101300001600121260003600137082000800173084001400181020001800195600001500213INLIS00000000000047120220105095601 a0010-01220000121 aFilsafat Pendidikan /cGeorge0 aGeorge acetakan pertama axi, 252 hlm aYogyakarta :bGema media,c2018 a500 a500 GEO f a979-3092-64-5 4apendidikan